Mapa topogràfic de la demarcació de Barcelona : Escala 1:150 000 / Escala 1:150 000 /
MARC
| LEADER | 00000nem a2200000 i 4500 | ||
|---|---|---|---|
| 001 | 26370 | ||
| 005 | 20260324181137.0 | ||
| 008 | 180124s2017 spc|b||bh | s| 0 ||cat|c | ||
| 017 | |a DL B. 25231-2017 |b Biblioteca de Catalunya | ||
| 020 | |a 9788498038156 | ||
| 043 | |a e-sp--- |b e-spcb- |2 catmarc | ||
| 080 | |a FU-72-47 | ||
| 110 | 2 | |a Barcelona (Catalunya : Província). |b Oficina Tècnica de Cartografia i SIG Local |e productor |9 51766 | |
| 245 | 1 | 0 | |a Mapa topogràfic de la demarcació de Barcelona : |b Escala 1:150 000 / |c producció: Diputació de Barcelona i Institut Cartogràfic i Geològic de Catalunya ; base cartogràfica: Institut Cartogràfic i Geològic de Catalunya |
| 250 | |a Vuitena edició | ||
| 255 | |a Escala 1:150 000; |b proj. UTM | ||
| 264 | 1 | |a Barcelona : |b Oficina Tècnica de Cartografia i SIG Local, |c juny 2017 | |
| 300 | |a 1 mapa : |b color ; |c 86 x 80 cm en full de 98 x 113 cm, plegat a 24 x 14 cm | ||
| 336 | |a imatge cartogràfica |b cri |2 rdacontent | ||
| 337 | |a sense mediació |b n |2 rdamedia | ||
| 338 | |a full |b nb |2 rdacarrier | ||
| 505 | 8 | |a Inclou: 1 finestra (mapa guia [dels municipis de la demarcació) i dades de població i superfície dels municipis | |
| 651 | 0 | |a Barcelona (Catalunya : Província) |9 53975 |v Mapes | |
| 651 | 0 | |a Barcelona (Catalunya : província) |x Divisions administratives i polítiques |9 54063 |v Mapes | |
| 710 | 2 | |a Institut Cartogràfic i Geològic de Catalunya |e productor |e cartogràf |9 53025 | |
| 710 | 1 | |a Barcelona (Catalunya : Província). |b Diputació |e productor |9 52408 | |
| 740 | 2 | |a Província de Barcelona : mapa topogràfic 1:150 000 | |
| 908 | |a ICGC |a BC | ||
| 940 | |a ICGC | ||
| 942 | |2 udc |c ARXIU |n 1 | ||
| 952 | |0 0 |1 0 |4 0 |6 FU7247 |7 1 |9 63257 |a Arxiu |b Arxiu |d 2022-07-28 |l 0 |o FU-72-47 |p 26370 |r 2022-07-28 00:00:00 |w 2022-07-28 |y ARXIU | ||
| 999 | |c 82508 |d 82508 | ||